Giáo trình lý thuyết tiền tệ

Sách gồm 10 chương và đều được cập nhật hóa, sát thực với công việc và trang bị kiến thức và kỹ năng cần thiết cho nhân viên và cán bộ quản lý ngân hàng.

Đã lưu trong:
Bibliografiske detaljer
Hovedforfatter: Nguyễn, Minh Kiều
Format: Bog
Sprog:Undetermined
Udgivet: Hà Nội Thống kê 2008
Fag:
Tags: Tilføj Tag
Ingen Tags, Vær først til at tagge denne postø!
Thư viện lưu trữ: Trung tâm Học liệu Trường Đại học Cần Thơ
LEADER 00853nam a2200205Ia 4500
001 CTU_150206
008 210402s9999 xx 000 0 und d
020 |c 28500 
082 |a 332.4 
082 |b K309 
100 |a Nguyễn, Minh Kiều 
245 0 |a Giáo trình lý thuyết tiền tệ 
245 0 |c Nguyễn Minh Kiều 
260 |a Hà Nội 
260 |b Thống kê 
260 |c 2008 
520 |a Sách gồm 10 chương và đều được cập nhật hóa, sát thực với công việc và trang bị kiến thức và kỹ năng cần thiết cho nhân viên và cán bộ quản lý ngân hàng. 
650 |a Budget,Finance,Money,Tiền tệ,Tín dụng,Tài chính 
904 |i Trọng Hải 
980 |a Trung tâm Học liệu Trường Đại học Cần Thơ